000 00892cam a22002535i 4500
001 23563552
003 OSt
005 20260212115949.0
008 240215s2024 cau 000 0 eng
020 _a9781071871942 (Paperback)
_cUSD 93.00
040 _aDLC
_beng
_erda
_cDLC
_dNUST
050 _aH62 AGU
100 1 _aAguinis, Herman
_eAuthor
245 1 0 _aResearch methodology :
_bbest practices for rigorous, credible, and impactful research /
_cHerman Aguinis.
260 _aThousand Oaks, California :
_bSAGE,
_c©2025.
300 _axxxiii, 582 pages :
_bIllustrations ;
_c26 cm.
336 _atext
_btxt
_2rdacontent
337 _aunmediated
_bn
_2rdamedia
338 _avolume
_bnc
_2rdacarrier
504 _aIncludes bibliographical references and index.
650 _aResearch methodology.
650 _aResearch
_vEvaluation.
942 _2lcc
_cBOOKS
_hH62 AGU
_kH
_mAGU
_n0
999 _c172654
_d172654